00428 2200169 4500001002100000008004100021035002000062245004200082100002000124260002700144300002000171020002200191084001400213082000800227650001000235990001300245INLIS000000000000003 ind  a0010-0226000003 aKumpulan Dongeng AnakcTeguh Setiawan aSetiawan, Teguh aJakarta :bMusi,c2010 a70 hlm.c21 cm. a978-979-3168-12-8 aFIC TEG k aFIC aFiksi aP/2108/1